01788nam a2200277 a 4500001001000000003000900010005001700019008004100036040002500077082001300102100002500115245011800140246006400258250002200322260005700344300002400401490001500425501010100440533029800541533039200839563006701231650004501298650005501343650004801398730006401446000028094DO-SdBNP20250625134028.0110406s1974 dr 000 | spa d aDO-SdBNPbspacBNPHU 4aF-RD 1021 aAlfonseca, José D.1 a¿Qué es el patriotismo? ;bProcreación consciente como factor de mejoramiento social /cJosé D. Alfonseca.13aProcreación consciente como factor de mejoramiento social a2ª ed. facsím. aSanto Domingo :bSecretaría de Educación,c1974. a25, 36 p. ;c21 cm.0 aEnriquillo aPublicado con: Procreación consciente como factor de mejoramiento social /José D. Alfonseca. aFacsímil : "¿Qué es el patriotismo?"bMoca, República Dominicana:cImprenta de Rojas & hijo,d1916.nConferencia pronunciada por el Dr. José D. Alfonseca en la velada patriótica celebrada la noche del 25 de febrero de 1916, por los esposos Nadal, con motivo del Día de la Escuela. aFacsímil: " Procreación consciente como factor de mejoramiento social"bSanto Domingo:cImp. J. R. Vda. García.d[s.a.]nConferencia dictada por el Dr. José D. Alfonseca el día 22 de febrero de 1922 en el Centro de Recreo de Santiago en la velada organizada por el Club de Damas de aquella ciudad, y el 9 de noviembre 1922 en el Club La Esperanza de San Francisco de Macorís. aDos obras encuadernadas juntas con paginación independiente. 4aPatriotismoxEnsayos, conferencias, etc. 4aActitudes políticasxEnsayos, conferencias, etc. 4aReproducciónxEnsayos, conferencias, etc.02aProcreación consciente como factor de mejoramiento social